Psychiatry for students of medicine (Record no. 1350)

MARC details
000 -LEADER
fixed length control field 00623nam a2200217 a 4500
005 - DATE AND TIME OF LATEST TRANSACTION
control field 20260322212057.0
008 - FIXED-LENGTH DATA ELEMENTS--GENERAL INFORMATION
fixed length control field data
010 ## - LIBRARY OF CONGRESS CONTROL NUMBER
LC control number 77-677313
020 ## - INTERNATIONAL STANDARD BOOK NUMBER
International Standard Book Number 0433307617
020 ## - INTERNATIONAL STANDARD BOOK NUMBER
International Standard Book Number 9780433307617
096 ## - LOCALLY ASSIGNED NLM-TYPE CALL NUMBER (OCLC)
Classification number WM 100 Sm99p
001 - CONTROL NUMBER
control field data
100 1# - MAIN ENTRY--PERSONAL NAME
Personal name Smythies, John R.
Fuller form of name (John Raymond),
Dates associated with a name 1922-
245 10 - TITLE STATEMENT
Title Psychiatry for students of medicine
Statement of responsibility, etc. [by] John R. Smythies and Lionel Corbett.
260 ## - PUBLICATION, DISTRIBUTION, ETC.
Place of publication, distribution, etc. London
Name of publisher, distributor, etc. Heinemann Medical
Date of publication, distribution, etc. 1976
300 ## - PHYSICAL DESCRIPTION
Extent [7], 321 p. :
Other physical details ill., form ;
Dimensions 21 cm.
500 ## - GENERAL NOTE
General note Includes index.
650 02 - SUBJECT ADDED ENTRY--TOPICAL TERM
Topical term or geographic name entry element Mental Disorders
650 02 - SUBJECT ADDED ENTRY--TOPICAL TERM
Topical term or geographic name entry element Psychiatry
710 2# - ADDED ENTRY--CORPORATE NAME
Corporate name or jurisdiction name as entry element Corbett, Lionel, joint author.
Holdings
Withdrawn status Lost status Damaged status Not for loan Home library Current library Shelving location Date acquired Total checkouts Full call number Barcode Date last seen Price effective from Koha item type
        Centerville Centerville General stacks 22/03/2026   GEN BC0011394 22/03/2026 22/03/2026 Books